000 00906nam0a22002531 4500
001 rc\2816520
005 20250806211240.0
035 _a(NLR Aleph) 006942237
090 _a39267
_c39267
100 _a20110915d1945 u y0rusy50 ca
101 0 _arus
102 _aRU
105 _aa z |||||
200 1 _aБухгалтерский учет в артелях промысловой кооперации
_fА. Х. Гольбин
210 _aАшхабад
_cУпр. промкооперации при СНК ТССР
_d1945
_gтип. "На рельсах"
215 _a[4], 147, V с., 1 л. табл.
_d20 см.
700 1 _aГольбин
_bА.Х.
_gАбрам Хаимович
801 0 _aRU
_bNLR
_gpsbo
801 1 _aRU
_bELAR
_2rusmarc
852 _aNLR
_jЭк90 Г-3/51
942 _cBOOK
945 _aРоссийская национальная библиотека
980 _aNB
980 _aBV